| 000 | 00767cam a22002651 4500 | ||
|---|---|---|---|
| 001 | sa 66007052 | ||
| 003 | DLC | ||
| 005 | 20260227112301.0 | ||
| 008 | 740808s1965 ii b 000 0 eng | ||
| 010 | _asa 66007052 | ||
| 015 | _aGB66-18747 | ||
| 025 | _aPL480:I-E-6216 | ||
| 035 | _a(OCoLC)974688 | ||
| 040 |
_aDLC _cOAU _dOCoLC _dUk _dDLC |
||
| 042 | _apremarc | ||
| 050 | 0 | 0 |
_aLB2321 _b.S3 |
| 082 | _a378.01 | ||
| 100 | 1 |
_aSaiyidain, Khwaja Ghulam, _d1904-1971. |
|
| 245 | 1 | 0 |
_aUniversities and the life of the mind _c[by] K.G. Saiyidain. |
| 260 |
_aBombay, _aNew York, _bAsia Pub. House _c[c1965] |
||
| 300 |
_a236 p. _c23 cm. |
||
| 504 | _aBibliographical footnotes. | ||
| 650 | 0 |
_aEducation, Higher _xAims and objectives. |
|
| 650 | 0 | _aFormal discipline. | |
| 999 |
_c70894 _d70894 |
||